Web design/ (Record no. 5061)

MARC details
000 -LEADER
fixed length control field 00562nam a22001937a 4500
003 - CONTROL NUMBER IDENTIFIER
control field OSt
005 - DATE AND TIME OF LATEST TRANSACTION
control field 20251023073126.0
008 - FIXED-LENGTH DATA ELEMENTS--GENERAL INFORMATION
fixed length control field 251023b |||||||| |||| 00| 0 eng d
020 ## - INTERNATIONAL STANDARD BOOK NUMBER
International Standard Book Number 978-981-4392-46-4
040 ## - CATALOGING SOURCE
Original cataloging agency DWC-Main lib.
Transcribing agency OC
082 ## - DEWEY DECIMAL CLASSIFICATION NUMBER
Edition number -- second edition. -- Phi
Classification number Circ. 005.74 S628w 2012
100 ## - MAIN ENTRY--PERSONAL NAME
Personal name Joel Sklar
245 ## - TITLE STATEMENT
Title Web design/
Statement of responsibility, etc. Joel Sklar
260 ## - PUBLICATION, DISTRIBUTION, ETC.
Place of publication, distribution, etc. Singapore
Name of publisher, distributor, etc. : Cengage Learning Asia
Date of publication, distribution, etc. , c2012.
300 ## - PHYSICAL DESCRIPTION
Extent 594 pages
Dimensions ; 23 cm.
504 ## - BIBLIOGRAPHY, ETC. NOTE
Bibliography, etc. note Index: pp. 585-594
650 ## - SUBJECT ADDED ENTRY--TOPICAL TERM
Topical term or geographic name entry element Web sites--Design.
942 ## - ADDED ENTRY ELEMENTS (KOHA)
Source of classification or shelving scheme Dewey Decimal Classification
Koha item type Book Circulation
Call number prefix Circ.
Suppress in OPAC No
952 ## - LOCATION AND ITEM INFORMATION (KOHA)
--
952 ## - LOCATION AND ITEM INFORMATION (KOHA)
--
Holdings
Withdrawn status Lost status Source of classification or shelving scheme Damaged status Not for loan Home library Current library Shelving location Date acquired Source of acquisition Total Checkouts Full call number Barcode Date last seen Price effective from Koha item type Uniform Resource Identifier
    Dewey Decimal Classification     College Library College Library Circulation 08/11/2014 School Fund   Circ. 005.74 S628w 2012 50899 10/23/2025 10/23/2025 BK-CIRC
    Dewey Decimal Classification     College Library College Library Circulation 02/04/2015 School Fund   Circ. 005.74 S628w 2012 50960 10/23/2025 10/23/2025 BK-CIRC